000 00473nam a2200181Ia 4500
001 9198
005 20260306160706.0
008 260306t2008||||xx |||||||||||||| ||spa||
041 _aESP
082 _a375.001
_bM61 2008
100 _aPerú. Ministerio de Educación
_eAUT
245 0 _aDiseño curricular nacional de la educación básica regular
260 _c2008
300 _a478 páginas :
_c29 cm.
650 _aGEN
654 _aCED
942 _cLIB
_dJUS
_fJUS
_2ddc
_n
999 _c9198
_d9198